Kvantová a štatistická fyzika : Časť 2. Štatistická fyzika /

Salvato in:
Dettagli Bibliografici
Autore principale: Budke, Otto, 1940- (Autore)
Natura: Libro
Lingua:slovacco
Pubblicazione: Bratislava : STU v Bratislave, 1985
Edizione:2.vyd.
Tags: Aggiungi Tag
Nessun Tag, puoi essere il primo ad aggiungerne!!

MARC

LEADER 00000nam a22000003a 4500
001 stu6886
005 20150617225809.6
008 940721s1985----cs------------------slo-d
040 |a STU  |b slo 
041 0 |a slo 
044 |a cs 
100 1 |a Budke, Otto,  |d 1940-  |4 aut  |u E150  |U FEI Fakulta elektrotechniky a informatiky  |T FEI Katedra fyziky  |X 3661  |U E150  |Y 62  |7 A000003661 
245 1 |a Kvantová a štatistická fyzika :  |b Časť 2. Štatistická fyzika /  |c [aut.] Budke,Otto 
250 |a 2.vyd. 
260 |a Bratislava :  |b STU v Bratislave,  |c 1985 
300 |a 194 s 
996 |b 284ES01466  |c E*S-34542  |l EE01  |s A  |a 24  |w stu6886_0001 
996 |b 284EK09134  |c E*56666  |l EE0105  |s P  |a 0  |w stu6886_0002 
996 |b 284ES20180  |c E*S-39644  |l EE01  |s A  |a 24  |w stu6886_0003